Συμβολή στη μελέτη της χασμοφυτικής χλωρίδας της Κρήτης και της διαχείρισής της ως φυσικού πόρου, προς την κατεύθυνση του φυσιολατρικού τουρισμού, της ανθοκομίας, της Εθνοβοτανικής και της προστασίας των απειλουμένων φυτικών ειδών και βιοτόπων

Bibliographic Details
Main Author: Κυπριωτάκης, Ζαχαρίας Δ.
Corporate Author: Πανεπιστήμιο Πατρών Σχολή Επιστημών Υγείας Τμήμα Ιατρικής (Σχολή Θετικών Επιστημών, Τμήμα Βιολογίας)
Format: Book
Language:Greek
Published: Πάτρα 1998
Online Access:http://thesis.ekt.gr/9928
LEADER 01720nam a2200253 u 4500
001 10020418
003 upatras
005 20210117205431.0
008 981118s1998 gr gre
040 |a GR-PaULI  |c GR-PaULI 
041 0 |a gre 
100 1 |a Κυπριωτάκης, Ζαχαρίας Δ.  |9 144490 
245 1 0 |a Συμβολή στη μελέτη της χασμοφυτικής χλωρίδας της Κρήτης και της διαχείρισής της ως φυσικού πόρου, προς την κατεύθυνση του φυσιολατρικού τουρισμού, της ανθοκομίας, της Εθνοβοτανικής και της προστασίας των απειλουμένων φυτικών ειδών και βιοτόπων  |c Ζαχαρία Δ. Κυπριωτάκη; Πανεπιστήμιο Πατρών, Τμήμα Βιολογίας, Τομέας Βιολογίας Φυτών 
260 |a Πάτρα  |c 1998 
300 |a 197 σ.  |b πιν., εικ., φωτ.  |c 30 εκ. 
500 |a Διδακτορική διατριβή 
504 |a Περιλαμβάνει βιβλιογραφία και παραρτήματα 
710 2 |9 2771  |a Πανεπιστήμιο Πατρών  |b Σχολή Επιστημών Υγείας  |b Τμήμα Ιατρικής  |e Σχολή Θετικών Επιστημών  |e Τμήμα Βιολογίας 
852 |a GR-PaULI  |b ΠΑΤΡΑ  |b ΒΚΠ  |b ΒΣ2  |k ΔΙΑΤΡΙΒΗ  |m 39676  |p 025000000113  |t 1 
856 |u http://thesis.ekt.gr/9928  
942 |2 ddc  |c BKTD 
952 |0 0  |1 0  |4 0  |7 0  |9 179494  |a LISP  |b LISP  |c BSC  |d 2016-04-24  |i 39676  |l 0  |p 025000000113  |r 2016-04-24 00:00:00  |t 1  |w 2016-04-24  |y BKTD 
998 |c ΗΛΙΟΠΟΥΛΟΥ  |d 1998-11 
999 |c 111205  |d 111205